<?xml version="1.0" encoding="UTF-8"?><?xml-stylesheet type="text/xsl" href="static/style.xsl"?><OAI-PMH xmlns="http://www.openarchives.org/OAI/2.0/" xmlns:xsi="http://www.w3.org/2001/XMLSchema-instance" xsi:schemaLocation="http://www.openarchives.org/OAI/2.0/ http://www.openarchives.org/OAI/2.0/OAI-PMH.xsd"><responseDate>2026-04-27T22:04:55Z</responseDate><request verb="GetRecord" identifier="oai:uvadoc.uva.es:10324/73457" metadataPrefix="marc">https://uvadoc.uva.es/oai/request</request><GetRecord><record><header><identifier>oai:uvadoc.uva.es:10324/73457</identifier><datestamp>2025-03-26T19:45:13Z</datestamp><setSpec>com_10324_28447</setSpec><setSpec>com_10324_5186</setSpec><setSpec>com_10324_29291</setSpec><setSpec>col_10324_73448</setSpec></header><metadata><record xmlns="http://www.loc.gov/MARC21/slim" xmlns:doc="http://www.lyncode.com/xoai" xmlns:xsi="http://www.w3.org/2001/XMLSchema-instance" xmlns:dcterms="http://purl.org/dc/terms/" xsi:schemaLocation="http://www.loc.gov/MARC21/slim http://www.loc.gov/standards/marcxml/schema/MARC21slim.xsd">
<leader>00925njm 22002777a 4500</leader>
<datafield tag="042" ind1=" " ind2=" ">
<subfield code="a">dc</subfield>
</datafield>
<datafield tag="720" ind1=" " ind2=" ">
<subfield code="a">Macías Borrego, Manuel</subfield>
<subfield code="e">author</subfield>
</datafield>
<datafield tag="260" ind1=" " ind2=" ">
<subfield code="c">2024</subfield>
</datafield>
<datafield tag="520" ind1=" " ind2=" ">
<subfield code="a">Error Analysis and Treatment seems to be paramount to the success of the learning-teaching process of a second (or further) language as it deals with the very material produced by learners during their learning process. This study aims to propose an error analysis and treatment method that could link the theoretical background of Error Analysis and the daily practice of English as a Second Language in the classroom. To reach the objective we analysed (following and applying the proposed method) 100 different written outputs of learners of different levels of English. The proposed method Discussion, Analysis, and Feedback (ADF) has clear classroom implications that can improve teachers’ and learners’ performance and, can also help assess and reassess the syllabi of ESL.</subfield>
</datafield>
<datafield tag="024" ind2=" " ind1="8">
<subfield code="a">ES Review. Spanish Journal of English Studies; No. 45 (2024) pags. 269-295</subfield>
</datafield>
<datafield tag="024" ind2=" " ind1="8">
<subfield code="a">2531-1654</subfield>
</datafield>
<datafield tag="024" ind2=" " ind1="8">
<subfield code="a">https://uvadoc.uva.es/handle/10324/73457</subfield>
</datafield>
<datafield tag="024" ind2=" " ind1="8">
<subfield code="a">10.24197/ersjes.45.2024.269-295</subfield>
</datafield>
<datafield tag="024" ind2=" " ind1="8">
<subfield code="a">269</subfield>
</datafield>
<datafield tag="024" ind2=" " ind1="8">
<subfield code="a">45</subfield>
</datafield>
<datafield tag="024" ind2=" " ind1="8">
<subfield code="a">295</subfield>
</datafield>
<datafield ind1=" " ind2=" " tag="653">
<subfield code="a">Filología Inglesa</subfield>
</datafield>
<datafield tag="245" ind1="0" ind2="0">
<subfield code="a">Error Corrective Treatment in Spanish L1 ESL Learners: Suggesting an Empirical Method</subfield>
</datafield>
</record></metadata></record></GetRecord></OAI-PMH>